000 01198nam a2200277Ia 4500
003 GCL
005 20240530095554.0
008 140319s9999 xx 000 0 ara d
040 _aGCL /
_cGCL
082 0 4 _a610.3
_bا م
100 1 _aاسماعيل الحسينى
245 1 0 _aالموسوعة الطبية : موسوعة طب العظام والمفاصل
_bمج1 الطب النفسى \ مج 2 الطب الجراحى\ مج 3 الطب العسكرى\مج 4 الامراض التناسلية والبولية والجلدية\ مج 5 الطب الباطنى\ مج 6 طب العظام والمفاصل /
_cاسماعيل الحسينى
250 _aالاولى
260 _aالاردن :
_bدار اسامة للنشر والتوزيع ،
_c2004
300 _a6 مج ؛
_c24 سم
650 0 4 _aالطب النفسى
650 0 4 _aالامراض التناسلية
650 0 4 _aالطب الباطنى
650 0 4 _aالجراحة
650 0 4 _aالمفاصل - امراض
650 0 4 _aالعظام - امراض
650 0 4 _aالامراض الجراحية، علم
650 0 4 _aالطب العسكرى
700 1 _aعبدالكريم الحجاوى
942 _2ddc
_cBK
999 _c8470
_d8470